| 000 | 00654nam a2200217 i 4500 | ||
|---|---|---|---|
| 001 | 169302 | ||
| 003 | ES-MaACL | ||
| 005 | 20250911062844.0 | ||
| 008 | 080829s2007 sp |||| | spa d | ||
| 017 | _aM-42.705-2007 | ||
| 020 | _a978-84-7522-696-5 | ||
| 080 | _a821.134.2(72)-14"19" | ||
| 100 | 1 |
_aGutiérrez Vega, Hugo. _961235 |
|
| 245 | 1 | 0 |
_aAntología con dudas / _cHugo Gutiérrez Vega. |
| 260 |
_aMadrid : _bVisor Libros, _c2007. |
||
| 300 |
_a226 p. ; _c20 cm. |
||
| 490 | 1 |
_aColección Visor de poesía ; _v659 |
|
| 830 | 0 |
_aColección Visor de poesía _v659 _9177331 |
|
| 852 | 4 |
_aES-MaACL _jL-29661 _9R.142925 |
|
| 999 |
_c169302 _d169302 |
||